Guess the Countries by Unknown Category #1 - Statistics

General Stats
  • This quiz has been taken 3,221 times
  • The average score is 15 of 21
Answer Stats
# Muslims Country % Correct
23,308,000 China
94%
177,286,000 India
91%
178,097,000 Pakistan
82%
204,847,000 Indonesia
81%
74,819,000 Iran
79%
80,024,000 Egypt
77%
31,108,000 Iraq
77%
25,493,000 Saudi Arabia
77%
74,660,000 Turkey
73%
148,607,000 Bangladesh
72%
29,047,000 Afghanistan
71%
34,780,000 Algeria
70%
75,728,000 Nigeria
69%
32,381,000 Morocco
66%
30,855,000 Sudan
66%
20,895,000 Syria
66%
24,023,000 Yemen
64%
17,139,000 Malaysia
63%
28,721,000 Ethiopia
58%
CATEGORY: # Muslims
52%
26,833,000 Uzbekistan
48%
No matching quizzes found
Score Distribution
Percent of People with Each Score
Percentile by Number Answered
Your Score History
You have not taken this quiz